000 00666nam a2200229 i 4500
003 DO-SdBNP
005 20250703131751.0
007 ta
008 250414b2024 |||||||| |||| 00| 0 spa d
040 _aDO-SdBNP
_bspa
_cBNPHU
_erda
041 _hspa
082 4 _axxx
_bC753
_222
245 0 0 _aConoce y canta los himnos patrios /
264 1 _aSanto Domingo :
_bTribunal Constitucional de la República Dominicana,
_c2024.
300 _a13 páginas :
_bilustraciones ;
_c22
336 _ardacontent
_btexto
_2txt
337 _ardamedia
_bsin mediación
_2n
338 _ardacarrier
_bvolumen
_2nc
590 _aInventariado, 2025/DG
910 _aDG
942 _2ddc
_cLF2
999 _c58351
_d58351